Deflexiones de estructuras de concreto reforzado y presforzado
Guardat en:
| Autor principal: | |
|---|---|
| Format: | Llibre |
| Idioma: | espanyol |
| Publicat: |
Ciudad de México
Instituto Mexicano del Cemento y del Concreto, A.C
1992
|
| Matèries: | |
| Etiquetes: |
Afegir etiqueta
Sense etiquetes, Sigues el primer a etiquetar aquest registre!
|
MARC
| LEADER | 00000nam a2200000 a 4500 | ||
|---|---|---|---|
| 001 | UCQ0587 | ||
| 003 | CL-VaPUC | ||
| 008 | 980628e19920000MX |||||||||||||||||spa|d | ||
| 082 | 0 | 4 | |a 624.183 |b BRA |2 21 |
| 100 | 0 | |a Branson, Dan E |e author |9 413801 | |
| 245 | 1 | 0 | |a Deflexiones de estructuras de concreto reforzado y presforzado |
| 300 | |a 130 p | ||
| 942 | |c BK | ||
| 945 | |d 19980628 00:00:00 |a mvenant | ||
| 260 | |a Ciudad de México |b Instituto Mexicano del Cemento y del Concreto, A.C |c 1992 | ||
| 650 | 0 | |a Estructuras de hormigón |9 262647 | |
| 650 | 7 | |a CEMENTO |2 CL-VaPUC |9 413802 | |
| 650 | 7 | |a NORMAS TECNICAS |2 CL-VaPUC |9 262712 | |
| 650 | 7 | |a CONCRETO ARMADO |2 CL-VaPUC |9 413803 | |
| 583 | |a last modification |c 19980628 00:00:00 |k Rodrigo Vera | ||
| 999 | |c 271643 |d 271641 | ||
| 952 | |0 0 |1 0 |4 0 |6 624_183000000000000_BRA_1992 |7 0 |8 A |9 306350 |a BIBING |b BIBING |d 2019-11-20 |i 3439577 |o 624.183 BRA 1992 |p 3439577 |r 2025-01-20 |w 2019-11-20 |y BK |k CCL | ||